000 00878cam a2200253 a 4500
001 12802449
005 20180214042228.0
008 020605s2002 nyu b 001 0 eng
010 _a 2002073501
020 _a0231123728 (cloth : alk. paper)
020 _a0231123736 (paper : alk. paper)
040 _aDLC
_cDLC
_dDLC
041 _aeng
043 _ae-uk---
_an-us---
080 _a820.9 LER
082 0 0 _a820.9 LER
_221
100 1 _a21
101 _aGJL
245 1 0 _aError and the academic self :
_cSeth Lerer.
504 _aIncludes bibliographical references and index.
906 _a7
_bcbc
_corignew
_d1
_eocip
_f20
_gy-gencatlg
942 _2ddc
_cBK
999 _c42476
_d42476